| 000 | 00695nam a2200193Ii 4500 | ||
|---|---|---|---|
| 003 | JO-AjNU | ||
| 008 | 230605s9999||||xx |||||||||||||| ||und|| | ||
| 040 |
_aJO-AjNU _bara _erda _cJO-AjNU |
||
| 041 | _aara | ||
| 050 | 1 | 4 | _aLG395.2016 |
| 100 | 3 |
_aجامعة الطفيلة التقنية, _eauthor _956623 |
|
| 245 | 0 | 0 | _aجامعة الطفيلة التقنية : البيارق : الكتاب السنوي |
| 264 | 3 | 1 | _aعمان: جامعة الطفيلة التقنية، 2016 |
| 300 | _a216ص | ||
| 336 |
_atext _btxt _2rdacontent |
||
| 337 |
_aunmediated _bn _2rdamedia |
||
| 338 |
_avolume _bnc _2rdacarrier |
||
| 650 | 4 |
_aالكتاب السنوي -- جامعات -- الأردن _956624 |
|
| 999 |
_aA25326 _c28894 _d28894 |
||